000 00845nam a2200229Ia 4500
003 OSt
005 20220923220435.0
006 a|||||r|||| 00| 0
007 ta
008 220922b |||||||| |||| 00| 0 hin d
024 _a186,649
037 _cTextual
040 _aARTS
_cARTS
_bhin
041 _2hin
_ahin
082 _aXv1.N5, 152L3
100 _aजीड, चार्ल्स; रिस्ट, चार्ल्स
_9164195
245 0 _aआर्थिक विचारों का इतिहास
_b प्रकृतिवादियों से आज तक
246 _aĀrthik vichāroan kā itihāsa: prakṛutivādiyoan se āj taka
260 _c1973
942 _hXv1.N5, 152L3
_cTEXL
_2CC
999 _c339892
_d339892